ბათუმის შოთა რუსთაველის სახელმწიფო უნივერსიტეტის ბიბლიოთეკა

Атлас Грузинской Советской Социалистической Республики / (ბიბ.ჩანაწერი № 61035)

000 -LEADER
fixed length control field 01306nam a22002057a 4500
005 - DATE AND TIME OF LATEST TRANSACTION
control field 20231211095829.0
008 - FIXED-LENGTH DATA ELEMENTS--GENERAL INFORMATION
fixed length control field 231211s1984 ru ||||| |||| 00| 0 rus d
041 ## - LANGUAGE CODE
Language code of text/sound track or separate title rus
080 ## - UNIVERSAL DECIMAL CLASSIFICATION NUMBER
Universal Decimal Classification number 912.44(479.22) A-92
245 ## - TITLE STATEMENT
Title Атлас Грузинской Советской Социалистической Республики /
Statement of responsibility, etc. Редакционная коллегия: Г.С. Дзоценидзе, Ф.Ф. Давитая, А.Н. Джавахишвили [и др.]; Академия наук Грузинской ССР, Институт географии им. Вахушти.
264 ## - PRODUCTION, PUBLICATION, DISTRIBUTION, MANUFACTURE, AND COPYRIGHT NOTICE
Place of production, publication, distribution, manufacture Тбилиси ; Москва :
Name of producer, publisher, distributor, manufacturer Гл. упр. геодезии и картографии Гос. геологического комитета СССР,
Date of production, publication, distribution, manufacture, or copyright notice 1964.
300 ## - PHYSICAL DESCRIPTION
Extent 269 с.:
Other physical details цв. карты ;
Dimensions 29 см.
653 ## - INDEX TERM--UNCONTROLLED
keyword საქართველო
653 ## - INDEX TERM--UNCONTROLLED
keyword ატლასები
700 ## - ADDED ENTRY--PERSONAL NAME
Personal name Дзоценидзе, Г.С.
Relator term რედაქტორი
9 (RLIN) 20646
700 ## - ADDED ENTRY--PERSONAL NAME
Personal name Давитая, Ф.Ф.
Relator term რედაქტორი
9 (RLIN) 20647
700 ## - ADDED ENTRY--PERSONAL NAME
Personal name Джавахишвили, А.Н.
Relator term რედაქტორი
9 (RLIN) 20648
710 ## - ADDED ENTRY--CORPORATE NAME
Corporate name or jurisdiction name as entry element Академия наук Грузинской ССР.
Date of meeting or treaty signing Институт географии им. Вахушти.
9 (RLIN) 20649
942 ## - ADDED ENTRY ELEMENTS (KOHA)
Source of classification or shelving scheme
Koha item type წიგნი
ეგზემპლარები
Withdrawn status Lost status Source of classification or shelving scheme Damaged status Not for loan Permanent Location Current Location Shelving location Date acquired Cost, normal purchase price Full call number Barcode Date last seen Copy number Uniform Resource Identifier Price effective from Koha item type Public note
          ბათუმის შოთა რუსთაველის სახელმწიფო უნივერსიტეტის მთავარი ბიბლიოთეკა ბათუმის შოთა რუსთაველის სახელმწიფო უნივერსიტეტის მთავარი ბიბლიოთეკა წიგნსაცავი 2023-12-11 12.00 912.44(479.22) A-92 65561 2023-12-11 65561 ბსუ-ს საპატიო დოქტორის გურამ ლორთქიფანიძის საჩუქარი 2023-12-11 წიგნი 12 ლ.